[Event "3rd Asean IM"]
[Site "Bangkok THA"]
[Date "2004.06.23"]
[Round "4"]
[White "Cain,C"]
[Black "Theerapabpaisit,W"]
[Result "1-0"]
[WhiteElo "2310"]
[BlackElo "2271"]

1.e4 c5 2.Nf3 e6 3.d4 cxd4 4.Nxd4 a6 5.Bd3 b5 6.O-O Bb7 7.Be3 Qc7 8.a4 b4
9.Nd2 Nf6 10.Bg5 Nc6 11.Nxc6 Qxc6 12.Qf3 Be7 13.Rfe1 h6 14.Bf4 d6 15.Nc4 e5
16.Na5 Qc7 17.Nxb7 Qxb7 18.Bd2 O-O 19.Bc4 a5 20.Rad1 Qd7 21.b3 Qg4 22.Qd3 h5
23.h3 Qg6 24.h4 Nd7 25.Qh3 Nc5 26.Bg5 Bxg5 27.hxg5 Rad8 28.Qf5 Kh7 29.Re3 Ne6
30.Rd5 Nxg5 31.Rxa5 Ne6 32.Bxe6 fxe6 33.Qxg6+ Kxg6 34.Ra6 Rd7 35.Rb6 Rc8
36.Re2 Rdc7 37.Rxb4 Rxc2 38.Rxc2 Rxc2 39.a5 d5 40.a6 Rc7 41.Ra4  1-0

[Event "XVIII Open"]
[Site "Pula CRO"]
[Date "2004.06.23"]
[Round "5"]
[White "Feletar,D"]
[Black "Cappon,J"]
[Result "1/2-1/2"]
[WhiteElo "2395"]
[BlackElo "2207"]

1.e4 c5 2.Nf3 e6 3.d4 cxd4 4.Nxd4 a6 5.Bd3 Qc7 6.f4 Nc6 7.Nxc6 dxc6 8.e5 b5
9.a4 Bb7 10.Qe2 Ne7 11.O-O Nf5 12.Nd2 Be7 13.Ne4 Rd8 14.c3 h5 15.Be3 c5 16.Bf2 c4
17.Bc2 Qc6 18.axb5 axb5 19.Rfd1 Rxd1+ 20.Rxd1 h4 21.Ba7 O-O  1/2-1/2

[Event "XVIII Open"]
[Site "Pula CRO"]
[Date "2004.06.25"]
[Round "8"]
[White "Ascic,P"]
[Black "Kurajica,B"]
[Result "0-1"]
[WhiteElo "2341"]
[BlackElo "2540"]

1.e4 c5 2.Nf3 e6 3.d4 cxd4 4.Nxd4 a6 5.Bd3 g6 6.c4 Bg7 7.Nc2 Ne7 8.O-O O-O
9.Nc3 Nbc6 10.Be3 d5 11.Bc5 Re8 12.Re1 dxc4 13.Bxc4 Qa5 14.b4 Qc7 15.Bd6 Qd8
16.Re3 b5 17.Bf1 Ra7 18.Bxe7 Qxe7 19.a4 Nxb4 20.axb5 Rc7 21.Nxb4 Qxb4 22.Rb1 Qe7
23.e5 Rd8 24.Qe2 axb5 25.Nxb5 Ba6 26.Qa2 Bxb5 27.Bxb5 Qc5 28.Bf1 Rcd7 29.Qe2 Rd2
30.Qf3 R2d4 31.g3 Qc7 32.Rbe1 R4d5 33.Qf4 Qa5 34.h4 Rd1 35.Rxd1 Rxd1 36.Rd3 Bxe5
37.Qg5 Rb1 38.Qd8+ Qxd8 39.Rxd8+ Kg7 40.Rd2 Bc3 41.Rc2 Bd4 42.Kg2 f5 43.Bd3 Ra1
44.Be2 Kf6 45.Bc4 e5 46.Bf1 e4 47.Rc6+ Ke5 48.Ra6 Rc1 49.Ra2 h6 50.Ba6 g5
51.hxg5 hxg5 52.Bb7 f4 53.gxf4+ gxf4 54.Ba6 f3+ 55.Kh2 Kf4 56.Bb5 Be5  0-1

[Event "XVIII Open"]
[Site "Pula CRO"]
[Date "2004.06.26"]
[Round "9"]
[White "Solic,K"]
[Black "Tratar,M"]
[Result "0-1"]
[WhiteElo "2189"]
[BlackElo "2452"]

1.e4 c5 2.Nf3 e6 3.d4 cxd4 4.Nxd4 a6 5.Bd3 Qb6 6.Nb3 Qc7 7.Be3 Nf6 8.O-O Nc6
9.Nc3 d6 10.f4 Be7 11.a3 b5 12.Qe2 Bb7 13.Rae1 O-O 14.Nd4 Rfe8 15.h3 Nxd4
16.Bxd4 e5 17.Be3 exf4 18.Rxf4 Nd7 19.Nd5 Bxd5 20.exd5 g6 21.Bd4 Ne5 22.Re4 f5
23.Re3 Bg5 24.Rxe5 dxe5 25.Bxe5 Qc5+ 26.Qf2 Qxd5 27.Qg3 Bd2 28.Re2 f4 29.Qg5 Be3+
30.Rxe3 fxe3  0-1

[Event "22nd Open"]
[Site "Andorra la Vella AND"]
[Date "2004.07.03"]
[Round "1"]
[White "Delchev,A"]
[Black "Dominguez Carmona,M"]
[Result "1-0"]
[WhiteElo "2603"]
[BlackElo "2099"]

1.e4 c5 2.Nf3 e6 3.d4 cxd4 4.Nxd4 a6 5.Bd3 Qc7 6.Qe2 Nf6 7.O-O b5 8.a4 b4
9.Nd2 Bb7 10.N2b3 Nc6 11.Nxc6 Bxc6 12.e5 Nd5 13.Bxa6 Qb6 14.Bc4 Rxa4 15.Rxa4 Bxa4
16.Bxd5 exd5 17.Be3 Qc7 18.Nd4 g6 19.Ra1 Bc6 20.Nxc6 Qxc6 21.Ra6 Qb7 22.Bg5 Bg7
23.Qb5 Qc8 24.Qc5 Qd8 25.Ra1  1-0

[Event "TCh-GRE"]
[Site "Aghia Pelagia GRE"]
[Date "2004.07.04"]
[Round "1"]
[White "Sigalas,F"]
[Black "Diatsintos,A"]
[Result "1/2-1/2"]
[WhiteElo "2277"]
[BlackElo "2100"]

1.e4 c5 2.Nf3 e6 3.d4 cxd4 4.Nxd4 a6 5.Bd3 Bc5 6.Nb3 Ba7 7.Nc3 b5 8.Qe2 Bb7
9.Be3 Bxe3 10.Qxe3 Ne7 11.O-O-O O-O 12.f4 b4 13.Na4 Bc6 14.Nb6 Ra7 15.Nc4 Qc7
16.e5 Bd5 17.Qh3 g6 18.Nd6 f6 19.exf6 Qxd6 20.fxe7 Qxe7 21.Rhe1 Nc6 22.Be4 Bxe4
23.Rxe4 a5 24.Nd4 Nxd4 25.Rdxd4 Qc5 26.Qd3 Rf7 27.g3 Rc7 28.Re5 Qa7 29.Qd2 Rf5
30.Qd3 Qb7 31.Qe4 Qxe4 32.Rdxe4 Rc5 33.Rxc5 Rxc5 34.Rd4 d5 35.Rd3 Rc4 36.a3 Kf7
37.Kd2 Ke7 38.axb4 axb4 39.Rb3 Kd6 40.Kd3 e5 41.fxe5+ Kxe5 42.c3 bxc3 43.bxc3 h5
44.Rb6 Rg4 45.Rb4 Rg5 46.Rf4 Rf5 47.Rxf5+ Kxf5 48.Kd4 Ke6 49.Kc5 Ke5 50.Kc6 g5
51.Kd7 h4 52.gxh4 gxh4 53.Kc6 h3 54.Kc5 Ke4 55.Kd6 d4 56.cxd4 Kxd4 57.Kc6 Ke3
58.Kd5 Ke2 59.Kd4 Kf2 60.Kd3 Kg2  1/2-1/2

[Event "GM"]
[Site "Brno CZE"]
[Date "2004.07.04"]
[Round "3"]
[White "Walek,M"]
[Black "Kalod,R"]
[Result "1/2-1/2"]
[WhiteElo "2386"]
[BlackElo "2461"]

1.e4 c5 2.Nf3 e6 3.d4 cxd4 4.Nxd4 a6 5.Bd3 Qb6 6.Nb3 Qc7 7.O-O Nf6 8.Qe2 d6
9.f4 Nc6 10.Nc3 Be7 11.Bd2 b5 12.a3 Bb7 13.Kh1 O-O 14.Rae1 g6 15.f5 Ne5 16.Bh6 Rfe8
17.fxe6 fxe6 18.Nd4 Qd7 19.Nf3 Nfg4 20.Nxe5 Nxe5 21.Nd1 Bf8 22.Bc1 Bg7 23.Nf2 Rf8
24.Ng4 Qe7 25.Nxe5 Bxe5 26.Qg4 Rxf1+ 27.Rxf1 Rf8 28.Rxf8+ Kxf8 29.Bh6+ Kg8
30.c3 Qf6 31.Bg5 Qf7 32.Qf3 Qxf3 33.gxf3 Kg7 34.Be3 h6 35.Kg2 g5 36.Bd4 Kf6
37.Kf2 Bc6  1/2-1/2

[Event "Open A"]
[Site "Klatovy CZE"]
[Date "2004.07.04"]
[Round "2"]
[White "Kratochvil,J"]
[Black "Kasik,M"]
[Result "1/2-1/2"]
[WhiteElo "2024"]
[BlackElo "1927"]

1.e4 c5 2.Nf3 e6 3.d4 cxd4 4.Nxd4 a6 5.Bd3 Qc7 6.O-O Nc6 7.Nb3 Nf6 8.Qe2 Be7
9.c4 d6 10.Nc3 Ne5 11.f4 Nxd3 12.Qxd3 Bd7 13.h3 Rc8 14.Nd2 O-O 15.b3 Qc5+
16.Kh1 b5 17.Bb2 bxc4 18.Nxc4 Bb5 19.Nxb5 axb5 20.Ne3 Qc6 21.e5 dxe5 22.Bxe5 Rfd8
23.Qe2 Qe4 24.Rfe1 Rd3 25.Qf3 Qxf3  1/2-1/2

[Event "22nd Open"]
[Site "Andorra la Vella AND"]
[Date "2004.07.08"]
[Round "6"]
[White "Fabregas Fontanet,A"]
[Black "Mateo,Ra"]
[Result "0-1"]
[WhiteElo "2154"]
[BlackElo "2425"]

1.e4 c5 2.Nf3 e6 3.d4 cxd4 4.Nxd4 a6 5.Bd3 Nf6 6.O-O d6 7.b3 b6 8.Nd2 Bb7
9.Qe2 Nbd7 10.f4 Qc7 11.Bb2 Be7 12.N2f3 Nc5 13.e5 dxe5 14.Nxe5 O-O 15.Rad1 Rad8
16.c4 Nxd3 17.Rxd3 Bc5 18.Kh1 Rfe8 19.a3 Ne4 20.b4 Bf8 21.Rh3 g6 22.Ng4 Bg7
23.Nf3 f6 24.Nd4 Qd7 25.Re3 f5 26.Ne5 Bxe5 27.fxe5 Qe7 28.Rd3 Rd7 29.Rfd1 Red8
30.Kg1 a5 31.Nc2 Rxd3 32.Rxd3 Qh4 33.Bd4 axb4 34.axb4 b5 35.cxb5 Rc8 36.Be3 Rxc2  0-1

[Event "GP CG de l'Heralt"]
[Site "Montpellier FRA"]
[Date "2004.07.08"]
[Round "4"]
[White "Carmeille,L"]
[Black "Chernuschevich,A"]
[Result "1/2-1/2"]
[WhiteElo "2232"]
[BlackElo "2521"]

1.e4 c5 2.Nf3 e6 3.d4 cxd4 4.Nxd4 a6 5.Bd3 Nf6 6.O-O d6 7.Qe2 Nbd7 8.c4 g6
9.Nc3 Bg7 10.Nf3 O-O 11.Rd1 Qc7 12.Bf4 Ng4 13.Rac1 Nge5 14.Nxe5 Nxe5 15.b3 b6
16.Bb1 Bb7 17.f3 Rab8 18.Qd2 Rfd8 19.Bg5 Rd7 20.Nd5 Bxd5 21.cxd5 Qb7 22.h3 exd5
23.f4 dxe4 24.fxe5 Bxe5  1/2-1/2

[Event "Proclient Cup"]
[Site "Olomouc CZE"]
[Date "2004.07.08"]
[Round "7"]
[White "Kanovsky,D"]
[Black "Sachdev,T"]
[Result "1-0"]
[WhiteElo "2286"]
[BlackElo "2240"]

1.e4 c5 2.Nf3 e6 3.d4 cxd4 4.Nxd4 a6 5.Bd3 Nf6 6.O-O Qc7 7.Qe2 d6 8.c4 Be7
9.b3 Nc6 10.Nxc6 Qxc6 11.Bb2 O-O 12.f4 b6 13.e5 Nd7 14.Be4 Qc5+ 15.Kh1 Ra7
16.Rd1 Bb7 17.Ba3 Qc8 18.Bxb7 Rxb7 19.Bxd6 Bxd6 20.Rxd6 Nb8 21.Nd2 b5 22.Rc1 Rc7
23.h3 Rd8 24.Ne4  1-0

[Event "TCh-GRE"]
[Site "Aghia Pelagia GRE"]
[Date "2004.07.09"]
[Round "7"]
[White "Ziogas,P"]
[Black "Sandalakis,A"]
[Result "1-0"]
[WhiteElo "2124"]
[BlackElo "2120"]

1.e4 c5 2.Nf3 e6 3.d4 cxd4 4.Nxd4 a6 5.Bd3 Qc7 6.O-O Nc6 7.Nb3 Nf6 8.Qe2 d6
9.f4 Be7 10.Nc3 O-O 11.Bd2 b5 12.a3 Bb7 13.Rae1 Nd7 14.Rf3 Nc5 15.Rh3 g6
16.f5 Nxb3 17.cxb3 Bf6 18.Rf1 exf5 19.Nd5 Bd4+ 20.Kh1 Qd8 21.exf5 Ne5 22.Be4 Ra7
23.f6 Bxd5 24.Rxh7 Kxh7 25.Qh5+ Kg8 26.Qh6 Qxf6 27.Rxf6 Ng4 28.Rxg6+ fxg6
29.Bxd5+ Rff7 30.Qxg6+ Kf8 31.Qxd6+ Rfe7 32.Qf4+ Rf7 33.Bb4+ Ke8 34.Qb8+ Kd7
35.Bxf7  1-0

[Event "ch-CRC"]
[Site "Casa Espana CRC"]
[Date "2004.07.09"]
[Round "3"]
[White "Trejos,E"]
[Black "Rodriguez,Adr"]
[Result "0-1"]
[WhiteElo "2170"]
[BlackElo "2178"]

1.e4 c5 2.Nf3 e6 3.d4 cxd4 4.Nxd4 a6 5.Bd3 Qc7 6.O-O b5 7.Be3 Nf6 8.c3 Bb7
9.Nd2 d5 10.f3 Bd6 11.h3 Nbd7 12.exd5 Nxd5 13.Bf2 O-O 14.Re1 Bh2+ 15.Kh1 Bg3
16.Bxg3 Qxg3 17.Ne4 Qc7 18.a4 b4 19.c4 Nf4 20.Bf1 Nc5 21.Nxc5 Qxc5 22.Nb3 Qh5
23.Kh2 Rad8 24.Qc2 e5 25.Nc5 Ba8 26.Ne4 Ne6 27.Qf2 Nd4 28.Re3 Qf5 29.Bd3 Qf4+
30.g3 Qh6 31.Nd2 f5 32.Rd1 e4 33.Be2 Nc2 34.f4 Qb6 35.Nf1 Nxe3 36.Nxe3 Rxd1
37.Bxd1 Qd4  0-1

[Event "Skanska Cup"]
[Site "Olomouc CZE"]
[Date "2004.07.09"]
[Round "8"]
[White "Balabaev,T"]
[Black "Bernasek,J"]
[Result "0-1"]
[WhiteElo "2454"]
[BlackElo "2395"]

1.e4 c5 2.Nf3 e6 3.d4 cxd4 4.Nxd4 a6 5.Bd3 Bc5 6.Nb3 Ba7 7.O-O Nc6 8.Qe2 d6
9.Be3 Bxe3 10.Qxe3 Nge7 11.c4 O-O 12.Nc3 e5 13.Rfd1 f5 14.exf5 Bxf5 15.Rd2 Bxd3
16.Qxd3 Nf5 17.Qd5+ Kh8 18.Ne4 Qh4 19.Ng3 Nxg3 20.hxg3 Qh5 21.Re1 Rf6 22.Re4 g5
23.f3 Raf8 24.Rg4 Rh6 25.Rd1 a5 26.a4 Nb4 27.Qd2 Qh2+ 28.Kf1 Nc2 29.Qf2 Qh5
30.Re4 g4 31.Rxg4 Qxg4 32.fxg4 Rh1+  0-1

[Event "22nd Open"]
[Site "Andorra la Vella AND"]
[Date "2004.07.11"]
[Round "9"]
[White "Bruned,Y"]
[Black "Solleveld,Maa"]
[Result "1-0"]
[WhiteElo "2251"]
[BlackElo "2486"]

1.e4 c5 2.Nf3 e6 3.d4 cxd4 4.Nxd4 a6 5.Bd3 Bc5 6.Nb3 Ba7 7.Nc3 Nc6 8.Qe2 d6
9.Be3 b5 10.f4 Nge7 11.Bxa7 Rxa7 12.Qf2 O-O 13.O-O Ng6 14.Rad1 Rd7 15.Qg3 Kh8
16.Qh3 e5 17.f5 Nf4 18.Qf3 Nb4 19.a3 Nbxd3 20.cxd3 b4 21.Na4 Rb7 22.d4 Qe8
23.dxe5 Qxa4 24.exd6 Ne2+ 25.Kh1 Qb5 26.a4 Qc4 27.Na5 Qc2 28.Nxb7 Bxb7 29.Rfe1 Qxa4
30.Qxe2 f6 31.d7 Rd8 32.e5 Rxd7 33.Rxd7 Qxd7 34.exf6 Bc6 35.Qe6 gxf6 36.Qxf6+ Kg8
37.Qe6+ Kf8 38.Qxd7 Bxd7 39.Re5 Kf7 40.Ra5 Bb5 41.Rxb5 axb5 42.g4  1-0

[Event "FSGM July"]
[Site "Budapest HUN"]
[Date "2004.07.11"]
[Round "9"]
[White "Paschall,W"]
[Black "Reiss,T"]
[Result "1/2-1/2"]
[WhiteElo "2381"]
[BlackElo "2408"]

1.e4 c5 2.Nf3 e6 3.d4 cxd4 4.Nxd4 a6 5.Bd3 Nf6 6.O-O d6 7.Qe2 Qc7 8.c4 g6
9.Nc3 Bg7 10.Nf3 Nc6 11.h3 O-O 12.Bf4 Nd7 13.Rac1 Nce5 14.Rfd1 b6 15.b3 Bb7
16.Bb1 Rfd8 17.Bg5 f6 18.Bf4 f5 19.Nd4 Re8 20.Bg5 Nf6 21.exf5 exf5 22.Qd2 Rac8
23.Bxf6 Bxf6 24.Nd5 Bxd5 25.cxd5 Qb7 26.Ne6 Rxc1 27.Rxc1 Rc8 28.Rxc8+ Qxc8
29.Kh2 Nd7 30.Bd3 a5 31.Bc4 Qb7 32.Qe2 Nf8 33.f4 Kf7 34.g4 fxg4 35.hxg4 h6
36.g5 hxg5 37.fxg5 Be7 38.Qe4 b5 39.Bd3 b4 40.Kg2 Qc8 41.Bc4 Nxe6 42.dxe6+ Kg7
43.Bd3 Qe8 44.Qh4 Kg8 45.Kg3 d5 46.Qf4 Qf8 47.Qe3 Qg7 48.Kg4 Qh7 49.Qf4 Qh5+
50.Kg3 Qxg5+ 51.Qxg5 Bxg5 52.Bxg6 Kg7 53.Bf7  1/2-1/2

[Event "TCh-EY w"]
[Site "Obrenovac SCG"]
[Date "2004.07.11"]
[Round "2"]
[White "Machalova,V"]
[Black "Ohme,M"]
[Result "1-0"]
[WhiteElo "2177"]
[BlackElo "2030"]

1.e4 c5 2.Nf3 e6 3.d4 cxd4 4.Nxd4 a6 5.Bd3 Bc5 6.Nb3 Ba7 7.O-O Nc6 8.Qe2 Nge7
9.Kh1 O-O 10.f4 d6 11.Nc3 Ng6 12.Bd2 Bd7 13.Rf3 Qf6 14.Raf1 b5 15.Rg3 h6
16.Qh5 Qh4 17.Qxh4 Nxh4 18.f5 exf5 19.exf5 Ne5 20.Be4 d5 21.Nxd5 Rad8 22.Bxh6 Bxf5
23.Nf6+  1-0

[Event "Skanska Cup"]
[Site "Olomouc CZE"]
[Date "2004.07.11"]
[Round "10"]
[White "Balabaev,T"]
[Black "Laznicka,V"]
[Result "1/2-1/2"]
[WhiteElo "2454"]
[BlackElo "2434"]

1.e4 c5 2.Nf3 e6 3.d4 cxd4 4.Nxd4 a6 5.Bd3 Qc7 6.O-O Nf6 7.Qe2 d6 8.c4 Nbd7
9.b3 b6 10.Bb2 Bb7 11.Nc3 Be7 12.Rae1 O-O 13.Kh1 Ne5 14.Bb1 Ng6 15.f4 Rfe8
16.f5 Nf8 17.Qd3 e5 18.Nc2 N8d7 19.Qh3 Rec8 20.Ne3 Bc6 21.Rc1 Qb7 22.Ncd5 Bxd5
23.exd5 b5 24.Bc3 Bd8 25.Bd3 Nc5 26.Be2 Nce4 27.Be1 bxc4 28.Bxc4 Rc5 29.Rd1 Rac8
30.Qf3 h6 31.Qe2 Ra8 32.Nc2 a5 33.a4 Bb6 34.Na3 Rd8 35.Nb5 Rcc8 36.Na3 Rc5
37.Nb5 Rcc8 38.Na3 Rc7 39.Nb5 Re7 40.Bh4 Ng5 41.Bg3 Bc5 42.h3 Qb6 43.Bh4 Rde8
44.Kh2 e4 45.Nc3 Bd4 46.Nb5 Bc5 47.Nc3 e3 48.Bb5 Rc8 49.Rf4 Re5 50.Bc4 Rce8
51.Bb5 R8e7 52.Bc4 Qb8 53.Rff1 Re8  1/2-1/2

[Event "TCh-EY w"]
[Site "Obrenovac SCG"]
[Date "2004.07.13"]
[Round "4"]
[White "Novak,K"]
[Black "Machalova,V"]
[Result "1/2-1/2"]
[WhiteElo "2124"]
[BlackElo "2177"]

1.e4 c5 2.Nf3 e6 3.d4 cxd4 4.Nxd4 a6 5.Bd3 Nc6 6.Nxc6 dxc6 7.O-O e5 8.a4 Nf6
9.Nd2 Bc5 10.Nc4 Qc7 11.a5 Be6 12.Be3 Bxe3 13.Nxe3 O-O 14.Qe2 Rad8 15.f3 Qe7
16.c3 Nh5 17.g3 Qg5 18.Kh1 Rd6 19.Bc4 Bh3 20.Rfd1 Rh6 21.Qf2 Nxg3+ 22.Qxg3 Qxe3
23.Rg1 g6 24.Rad1 Qc5 25.Be2 Qe7 26.Rd2 Bc8 27.Rgd1 Rh4 28.Bc4 Rf4 29.b4 Kg7
30.Bf1 h5 31.Bh3 c5 32.Bxc8 Rxc8 33.Rd7 Qe8 34.R1d6 Rf6 35.Qg5 Rxd6 36.Rxd6 cxb4
37.cxb4 Qb5 38.Kg2 Qe2+ 39.Kg3 Qe1+ 40.Kh3 Qf1+ 41.Qg2 Qxg2+ 42.Kxg2 Rc7
43.h4 f6 44.Kg3 Kf7  1/2-1/2

[Event "VII Magistral"]
[Site "Vicente Lopez ARG"]
[Date "2004.07.16"]
[Round "8"]
[White "Roselli Mailhe,B"]
[Black "Panno,O"]
[Result "1/2-1/2"]
[WhiteElo "2420"]
[BlackElo "2474"]

1.e4 c5 2.Nf3 e6 3.d4 cxd4 4.Nxd4 a6 5.Bd3 Nf6 6.O-O d6 7.c4 Nbd7 8.Qe2 g6
9.Nc3 Bg7 10.Nf3 O-O 11.Bf4 Qc7 12.Rac1 b6 13.h3 Bb7 14.Rfd1 Nh5 15.Be3 Nc5
16.g4 Bxc3 17.Rxc3 Nf6 18.Nd2 Bxe4 19.Bxc5 Bxd3 20.Qf3 Ne4 21.Bxd6 Nxd6 22.Rxd3  1/2-1/2

[Event "JunCh-USA"]
[Site "Lindsborg USA"]
[Date "2004.07.20"]
[Round "1"]
[White "Milman,L"]
[Black "Bercys,S"]
[Result "1/2-1/2"]
[WhiteElo "2428"]
[BlackElo "2279"]

1.e4 c5 2.Nf3 e6 3.d4 cxd4 4.Nxd4 a6 5.Bd3 Bc5 6.Nb3 Ba7 7.O-O Nc6 8.Qg4 Qf6
9.Nc3 Nge7 10.Bg5 Qg6 11.Qh4 h6 12.Bxe7 Nxe7 13.Kh1 Qg5 14.Qh3 e5 15.g3 d6
16.Qg2 O-O 17.Rae1 Qh5 18.Be2 Qh3 19.Rd1 Qxg2+ 20.Kxg2 Bb8 21.a4 Be6 22.Na5 Bc7
23.Nc4 Rfd8 24.Ne3 Bb6 25.Ned5 Nxd5 26.Nxd5 Bd4 27.Nc7 Rac8 28.Nxe6 fxe6
29.c3 Bb6 30.f4 exf4 31.Bg4 Kf7 32.Rxf4+ Ke7 33.Rdf1 Rf8 34.Rxf8 Rxf8 35.Rxf8 Kxf8
36.Bxe6 Be3 37.Bc8 Bc1 38.b3 Bd2 39.Bxb7 a5 40.b4 axb4 41.cxb4 Bxb4 42.Kf3 Ke7
43.Ke3 Bc5+ 44.Kf4 Kf6 45.a5 Ke6 46.a6 Bg1 47.Bc6 Ke7 48.Kf5 Bd4 49.Kg6 Kf8
50.Bb5 Bg1 51.Be2 Bd4 52.Bg4 Bg1 53.Kf5 Ke7 54.e5 dxe5 55.Kxe5 g6 56.Kd5 h5
57.Bh3 Kf6 58.Kc6 Ke5 59.Kb7 Ke4 60.Bg2+ Kd3 61.Bd5 g5 62.a7 Bxa7 63.Kxa7 Ke3
64.Kb6 Kf2 65.Bf7 Kg2 66.Bxh5 g4  1/2-1/2

[Event "JunCh-USA"]
[Site "Lindsborg USA"]
[Date "2004.07.21"]
[Round "3"]
[White "Lopez,B"]
[Black "Bercys,S"]
[Result "1/2-1/2"]
[WhiteElo "2400"]
[BlackElo "2279"]

1.e4 c5 2.Nf3 e6 3.d4 cxd4 4.Nxd4 a6 5.Bd3 Bc5 6.Nb3 Ba7 7.c4 Nc6 8.Nc3 Nge7
9.O-O O-O 10.Qe2 f5 11.exf5 Nxf5 12.Ne4 d6 13.Ng3 g6 14.Ne4 Qe7 15.Bd2 Bd7
16.Rae1 Rae8 17.Kh1 d5 18.Nc3 Bb8 19.f4 dxc4 20.Bxc4 b5 21.Bd3 Qh4 22.Qf3 Ncd4
23.Nxd4 Nxd4 24.Qe4 Nf5 25.Qf3 Nd4  1/2-1/2

[Event "ACT Open"]
[Site "Amsterdam NED"]
[Date "2004.07.22"]
[Round "6"]
[White "Bitalzadeh,A"]
[Black "Hamelink,D"]
[Result "1-0"]
[WhiteElo "2291"]
[BlackElo "2219"]

1.e4 c5 2.Nf3 e6 3.d4 cxd4 4.Nxd4 a6 5.Bd3 Qc7 6.Nc3 Nf6 7.Qe2 d6 8.a4 Nc6
9.Nb3 b6 10.f4 Be7 11.O-O Bb7 12.Bd2 Nb4 13.a5 Nxd3 14.cxd3 b5 15.Rac1 Qd7
16.e5 Nd5 17.Ne4 O-O 18.exd6 Bxd6 19.Nbc5 Bxc5+ 20.Nxc5 Qe7 21.f5 Rae8 22.fxe6 fxe6
23.Rxf8+ Kxf8 24.Qe5 Bc8 25.Ne4 Qa7+ 26.d4 Bd7 27.Nd6 Ra8 28.Rf1+ Kg8 29.Rf7 Nf6
30.Bh6  1-0

[Event "JunCh-USA"]
[Site "Lindsborg USA"]
[Date "2004.07.22"]
[Round "5"]
[White "Rensch,D"]
[Black "Bercys,S"]
[Result "1-0"]
[WhiteElo "2384"]
[BlackElo "2279"]

1.e4 c5 2.Nf3 e6 3.d4 cxd4 4.Nxd4 a6 5.Bd3 Bc5 6.Nb3 Ba7 7.c4 Nc6 8.Nc3 Nge7
9.O-O O-O 10.Qe2 f5 11.exf5 Nxf5 12.Ne4 d6 13.Bd2 Bd7 14.Rad1 b5 15.c5 d5
16.Bg5 Qe8 17.Ng3 Nxg3 18.hxg3 e5 19.Bb1 Be6 20.Rxd5 Bxd5 21.Qd3 Ne7 22.Bxe7 Qxe7
23.Qxh7+ Kf7 24.Bg6+  1-0

[Event "ACT Open"]
[Site "Amsterdam NED"]
[Date "2004.07.23"]
[Round "7"]
[White "Solleveld,Maa"]
[Black "Siebrecht,S"]
[Result "1/2-1/2"]
[WhiteElo "2486"]
[BlackElo "2340"]

1.e4 c5 2.Nf3 e6 3.d4 cxd4 4.Nxd4 a6 5.Bd3 Qb6 6.c3 Nc6 7.Nd2 Ne5 8.Bc2 d6
9.O-O Nf6 10.Qe2 Bd7 11.a4 Rc8 12.Kh1 g5 13.N2f3 h6 14.Nxe5 dxe5 15.Nb3 Qc7
16.Rd1 Bc6 17.a5 Be7 18.f3 Nd7 19.Be3 O-O 20.Rd2 f5 21.exf5 exf5 22.Qc4+ Kg7
23.Qe6 Rce8 24.Bxf5 Nf6 25.Bb6 Qb8 26.Re1 Rf7 27.Bc2 Bf8 28.Qh3 e4 29.fxe4 Nxe4
30.Bxe4 Rxe4 31.Rxe4 Bxe4 32.Kg1 Qe8 33.Bf2 Kg8 34.Re2 Qa4 35.Qe6 Bd3 36.Nc5 Bxc5
37.Bxc5 Bxe2 38.Qg6+ Rg7 39.Qe6+ Kh7 40.Qf5+ Kg8 41.Qe6+ Rf7 42.Qg6+ Rg7
43.Qe6+ Rf7 44.Qg6+  1/2-1/2

[Event "JunCh-USA"]
[Site "Lindsborg USA"]
[Date "2004.07.24"]
[Round "7"]
[White "Schneider,Dm"]
[Black "Bercys,S"]
[Result "1/2-1/2"]
[WhiteElo "2454"]
[BlackElo "2279"]

1.e4 c5 2.Nf3 e6 3.d4 cxd4 4.Nxd4 a6 5.Bd3 Bc5 6.Nb3 Ba7 7.O-O Ne7 8.c4 Nbc6
9.Nc3 O-O 10.Qe2 f5 11.exf5 Nxf5 12.Ne4 d6 13.Bg5 Qe8 14.Ng3 Ne5 15.Be4 h6
16.Bd2 Qf7 17.Rac1 Nxg3 18.hxg3 d5 19.cxd5 exd5 20.Bf4 Bg4 21.Bf3 Bxf3 22.gxf3 Nc6
23.Kg2 Qg6 24.Qd2 Qf5 25.Qc2 Qf6 26.Qd1 Rad8 27.Nc5 Bxc5 28.Rxc5 Qxb2 29.a4 Qd4
30.Qxd4 Nxd4 31.Re1 Nc6 32.Bc7 Rd7 33.Bb6 Kf7 34.f4 Re8 35.Rd1 Re4 36.a5 Rd4
37.Re1 Rb4 38.Rd1 Rb5 39.Rxb5 axb5 40.Rc1 Rd6 41.Bc7 Rd7 42.Bb6 Ne7 43.Rb1 d4
44.Rxb5 d3 45.Rb1 Nd5 46.Be3 Nc3 47.Rc1 Na2 48.Ra1 Nc3  1/2-1/2

[Event "Summer Open"]
[Site "Pirot SCG"]
[Date "2004.07.28"]
[Round "5"]
[White "Djokic,V"]
[Black "Panic,Ne"]
[Result "1-0"]
[WhiteElo "2161"]
[BlackElo "2367"]

1.e4 c5 2.Nf3 e6 3.d4 cxd4 4.Nxd4 a6 5.Bd3 Nc6 6.Nxc6 dxc6 7.O-O e5 8.Nd2 Be6
9.Qh5 Qb8 10.Bc4 Nf6 11.Qf3 Bg4 12.Qb3 Qc7 13.a4 Bc5 14.a5 O-O 15.Kh1 Rad8
16.f3 Bc8 17.Nb1 Rd4 18.Nc3 Nd7 19.Ne2 Rd6 20.f4 Ba7 21.Ng3 Qd8 22.Qa2 exf4
23.Bxf4 Rg6 24.Nf5 Nf6 25.Rad1 Qe8 26.Nd6 Qe7 27.Nxf7 Nxe4 28.Bg5 Rf6 29.Bxf6 Nxf6
30.Rde1 Qc5 31.Re5 Qd4 32.c3 Qd7 33.Rg5 Qe7 34.Re5 Qc7 35.Rg5 Bb8 36.Rg3 Qe7
37.Nd6+ Kh8 38.Nxc8 Rxc8 39.Rh3 Ne4 40.Qb1 h6 41.Qc2 Qe5 42.Be2 Ba7 43.Rhf3 Bc5
44.Bd3  1-0

[Event "Politiken Cup"]
[Site "Copenhagen DEN"]
[Date "2004.07.29"]
[Round "7"]
[White "Bjerke,R"]
[Black "Fries Nielsen,JO"]
[Result "1-0"]
[WhiteElo "2232"]
[BlackElo "2398"]

1.e4 c5 2.Nf3 e6 3.d4 cxd4 4.Nxd4 a6 5.Bd3 Nf6 6.c4 Qb6 7.Nb3 d6 8.O-O Nbd7
9.Be3 Qc7 10.f4 g6 11.Kh1 Bg7 12.Nc3 b6 13.a4 O-O 14.a5 bxa5 15.Nxa5 Rb8
16.Qd2 Nc5 17.Bb1 Rd8 18.Ra3 Bb7 19.Bxc5 dxc5 20.Qe2 Nh5 21.e5 Ba8 22.Be4 Nxf4
23.Rxf4 Qxe5 24.Rf1 Bxe4 25.Qxe4 Qxe4 26.Nxe4 Rxb2 27.Nc6 Ra8 28.Ra5 f5 29.Nxc5 Rb6
30.Ne7+ Kf7 31.Na4 Rb3 32.Nc6 Ra3 33.Nb6 Rxa5 34.Nxa5 Ra7 35.Rd1 Rc7 36.Nb3 Bc3
37.c5 Ke7 38.Rc1 Bb4 39.c6 Ba3 40.Rc2 Bd6 41.Kg1 Be5 42.h3 a5 43.Kf1 a4 44.Nxa4 Kd6
45.Na5 Bd4 46.Nc3 Bxc3 47.Rxc3 e5 48.Ke2 Ra7 49.Nc4+ Kxc6 50.Nxe5+ Kd5 51.Nf3 Ra2+
52.Nd2 g5 53.Rc7 h6 54.Rd7+ Ke5 55.Rh7 Ra6 56.g3 g4 57.hxg4 fxg4 58.Rg7 Kf5
59.Rf7+ Kg6 60.Rf4 h5 61.Ne4 Ra2+ 62.Ke3 Ra3+ 63.Kd4 Ra4+ 64.Kd5 Ra5+ 65.Nc5 Ra3
66.Ne4 Ra5+ 67.Kd4 Ra4+ 68.Ke3 Ra3+ 69.Ke2 Ra2+ 70.Nd2 Ra3 71.Kf2 Ra2 72.Rd4 h4
73.Rd6+ Kf5 74.gxh4 Kf4 75.Rd4+ Ke5 76.Rd3 Kf4 77.Kg2 Rb2 78.Rd8 Ra2 79.Rf8+ Ke5
80.Rf2 Ra1 81.Kg3 Rg1+ 82.Rg2  1-0

[Event "Politiken Cup"]
[Site "Copenhagen DEN"]
[Date "2004.08.01"]
[Round "10"]
[White "Hansen,TR"]
[Black "Laursen,N"]
[Result "0-1"]
[WhiteElo "2346"]
[BlackElo "2097"]

1.e4 c5 2.Nf3 e6 3.d4 cxd4 4.Nxd4 a6 5.Bd3 Nf6 6.Nc3 Qc7 7.O-O Bc5 8.Nb3 Be7
9.Qe2 d6 10.a4 b6 11.f4 Nbd7 12.Bd2 O-O 13.g4 Nc5 14.g5 Nfd7 15.Nd4 Re8 16.Rac1 Bb7
17.b4 Nxd3 18.cxd3 Qd8 19.Qg4 d5 20.exd5 Bxb4 21.dxe6 Bc5 22.Ne2 Rxe6 23.Rxc5 Rxe2
24.Nxe2 Nxc5 25.d4 Nd3 26.h4 Qd5 27.Kh2 Re8 28.Nc1 Qxd4 29.Nxd3 Qxd3 30.Rf2 Qe4
31.Qg1 Qxa4 32.h5 Qe4 33.h6 Qf5 34.hxg7 Rd8 35.Qe1 Bc6 36.Qe5 Qg4  0-1

[Event "Open Dutch Champ"]
[Site "Dieren NED"]
[Date "2004.08.02"]
[Round "6"]
[White "Van der Weide,K"]
[Black "Lemmers,O"]
[Result "1/2-1/2"]
[WhiteElo "2471"]
[BlackElo "2396"]

1.e4 c5 2.Nf3 e6 3.d4 cxd4 4.Nxd4 a6 5.Bd3 Bc5 6.Nb3 Ba7 7.Nc3 Nc6 8.f4 d6
9.Qf3 Nge7 10.Be3 O-O 11.O-O Bxe3+ 12.Qxe3 Ng6 13.Rad1 e5 14.f5 Nf4 15.g3 Nh5
16.Be2 Nf6 17.Rd2 b5 18.Rfd1 Qe7 19.Qb6 Bb7 20.Nd5 Nxd5 21.exd5 Nb8 22.c4  1/2-1/2

[Event "XI Summer Open"]
[Site "Nice FRA"]
[Date "2004.08.02"]
[Round "1"]
[White "Byklum,B"]
[Black "Sulava,N"]
[Result "0-1"]
[WhiteElo "2226"]
[BlackElo "2482"]

1.e4 c5 2.Nf3 e6 3.d4 cxd4 4.Nxd4 a6 5.Bd3 Nf6 6.O-O Qc7 7.Qe2 d6 8.c4 g6
9.Nc3 Bg7 10.Nf3 O-O 11.Rd1 Nc6 12.h3 Nd7 13.Be3 Bxc3 14.bxc3 f6 15.Nd2 Nc5
16.Bc2 e5 17.Bxc5 dxc5 18.Nf1 Be6 19.Ne3 Nd8 20.Nd5 Bxd5 21.cxd5 Nf7 22.a4 Nd6
23.a5 Rfb8 24.Rdb1 b6 25.axb6 Rxb6 26.Rxb6 Qxb6 27.Ba4 c4 28.Bc6 Ra7 29.h4 Kg7
30.g3 a5 31.Kg2 Re7 32.g4 Rf7 33.h5 Rf8 34.hxg6 hxg6 35.Rh1 Rh8 36.Rxh8 Kxh8
37.f3 Kg7 38.Qf2 Qxf2+ 39.Kxf2 Kf7 40.Ba4 Ke7 41.Ke3 Kd8 42.f4 g5 43.f5 Kc7
44.Bc2 Nc8 45.Kd2 Nb6 46.Kc1 Nd7 47.Kb2 Nc5 48.Ka3 Kb6 49.Ka2 Nb7 50.Ka3 Nd6
51.Ka2 a4 52.Kb2 Kc5 53.Bb1 Nb5 54.Kc2 a3 55.Kd2 Kb6 56.Ba2 Nd6 57.Ke3 Kb5
58.Bb1 Ka5 59.Ba2 Kb6 60.Bb1 Nb7 61.Ba2 Kb5 62.Bb1 Na5 63.Ba2 Nb3 64.Bb1 Kc5
65.Ba2 Nc1  0-1

[Event "Open Dutch Champ"]
[Site "Dieren NED"]
[Date "2004.08.03"]
[Round "7"]
[White "Van der Poel,H"]
[Black "Ammerlaan,R"]
[Result "0-1"]
[WhiteElo "2303"]
[BlackElo "2116"]

1.e4 c5 2.Nf3 e6 3.d4 cxd4 4.Nxd4 a6 5.Bd3 Nc6 6.Nxc6 bxc6 7.O-O d6 8.f4 Be7
9.Qe2 Nf6 10.c4 O-O 11.Nc3 e5 12.c5 dxc5 13.f5 c4 14.Bxc4 Bb4 15.Bg5 a5 16.Rad1 Qe7
17.Na4 Bc5+ 18.Nxc5 Qxc5+ 19.Kh1 Qe7 20.Rf3 Rd8 21.Rxd8+ Qxd8 22.Rd3 Qe7
23.Qd2 h6 24.Bxf6 Qxf6 25.Rd6 Qe7 26.g3 Kh7 27.Rd8 Bxf5 28.Rxa8 Bxe4+ 29.Kg1 Qc5+
30.Kf1 Qxc4+ 31.Kf2 a4 32.Qc3 Qxa2 33.Qxe5 Qb1 34.Rd8 Qc2+ 35.Ke3 Bd5 36.g4 Qc5+
37.Kd3 Qb5+  0-1